00853nam a22002172 4500003001700000005001700017008004100034020001500075040002100090050002100111245013200132260003000264300003400294504003900328650004400367650004600411650005400457700003200511700004800543700004400591ALUPE UNIVERSITY20220323074330.0840629s1978 enka b 001 0 eng d a0852002300 cALUPE UNIVERSITY aRC821b.P47 197800aPeptic ulcer healing :brecent studies on carbenoxolone /cedited by Sir Francis Avery Jones, M. J. S. Langman, and R. D. Mann. aLancaster :bMTP,cc1978. axii, 151 p. :bill. ;c24 cm. aIncludes bibliographies and index. 2aPeptic Ulcerxdrug therapyxcongresses. 2aTriterpenesxtherapeutic usexcongresses. 2aGlycyrrhetinic Acidxtherapeutic usexcongresses.1 aJones, Francis Avery,cSir.1 aLangman, M. J. S.q(Michael James Stratton)1 aMann, Ronald D.q(Ronald David),d1928-